[Event "4NCL/Div3/KJCAN vs. OXF2"]
[Site "Hinckley Island ENG"]
[Date "2010.01.16"]
[Round "3.6"]
[White "Neatherway, A Philip"]
[Black "Paul, Barnaby J"]
[Result "1-0"]
[WhiteElo "1922"]
[BlackElo "1610"]
[PlyCount "85"]
[EventDate "2010.01.16"]
[SourceDate "2009.10.24"]

1. e4 e5 2. Nf3 Nc6 3. Bb5 a6 4. Ba4 Nf6 5. Qe2 Be7 6. c3 b5 7. Bc2 d6 8. a4 b4
9. a5 O-O 10. O-O bxc3 11. bxc3 Bb7 12. d3 Rb8 13. Nbd2 Qd7 14. Nc4 Rfe8 15.
Re1 Nd8 16. d4 exd4 17. cxd4 Ne6 18. d5 Nc5 19. Ba3 c6 20. Bxc5 dxc5 21. Nfe5
Qc7 22. dxc6 Bxc6 23. Nxc6 Qxc6 24. Ba4 Qe6 25. Bxe8 Rxe8 26. Rab1 Bd8 27. Rb8
Nd7 28. Rbb1 Nf6 29. f3 Nd5 30. exd5 Qxe2 31. Rxe2 Rxe2 32. Rb8 Re8 33. d6 f5
34. d7 Rf8 35. Ra8 Be7 36. Rxa6 Rd8 37. Ra7 Kf7 38. Rc7 Ke6 39. Nb6 Kd6 40. Rc8
Bf6 41. Kf1 g5 42. a6 c4 43. a7 1-0

[Event "4NCL/Div3/BRI2 vs. CELT2"]
[Site "Hinckley Island ENG"]
[Date "2010.01.16"]
[Round "3.1"]
[White "Humphreys, Jerry G"]
[Black "Thomas, Mark"]
[Result "1/2-1/2"]
[WhiteElo "2082"]
[BlackElo "2049"]
[PlyCount "101"]
[EventDate "2010.01.16"]
[SourceDate "2009.10.24"]

1. Nf3 d6 2. e4 g6 3. d4 Bg7 4. Be2 Nd7 5. O-O b6 6. c4 e6 7. Bg5 Ne7 8. Nc3 h6
9. Be3 O-O 10. Qc2 Bb7 11. Rad1 a6 12. c5 d5 13. b4 dxe4 14. Nxe4 Nd5 15. a3
Nxe3 16. fxe3 Bxe4 17. Qxe4 Nf6 18. Qd3 Nd5 19. Qd2 Qe7 20. Bd3 a5 21. e4 Nf6
22. Rfe1 axb4 23. axb4 bxc5 24. bxc5 Nd7 25. Rb1 e5 26. c6 Nb6 27. Nxe5 Bxe5
28. dxe5 Rfd8 29. Rb3 Qxe5 30. Qxh6 Qg7 31. Qxg7+ Kxg7 32. Kf2 Ra5 33. Re2 Rc5
34. Bb5 Nc8 35. Rbb2 Nd6 36. Ba4 Rc4 37. Bc2 Rxc6 38. e5 Nc4 39. Rb7 Nxe5 40.
Ba4 Nd3+ 41. Kg3 Rc5 42. h4 Rd4 43. Be8 Ne5 44. Rb3 Rg4+ 45. Kh3 f5 46. h5 Rc1
47. g3 Kf6 48. Rbe3 Re4 49. Rxe4 fxe4 50. Bxg6 Nxg6 51. hxg6 1/2-1/2

[Event "4NCL/Div3/BRI2 vs. CELT2"]
[Site "Hinckley Island ENG"]
[Date "2010.01.16"]
[Round "3.2"]
[White "Evans, Craig"]
[Black "Curtis, John E"]
[Result "0-1"]
[WhiteElo "2029"]
[BlackElo "2106"]
[PlyCount "68"]
[EventDate "2010.01.16"]
[SourceDate "2009.10.24"]

1. d4 Nf6 2. c4 c5 3. d5 e5 4. Nc3 d6 5. e4 Be7 6. Bd3 Nbd7 7. Nge2 a6 8. f3
Nh5 9. g4 Bh4+ 10. Kf1 Nf4 11. Nxf4 exf4 12. Bxf4 Qf6 13. Bg3 Ne5 14. Bxe5 Qxe5
15. Qd2 h5 16. Ne2 hxg4 17. f4 Qh5 18. Kg2 Bf6 19. Ng3 Qh3+ 20. Kf2 Qxh2+ 21.
Rxh2 Rxh2+ 22. Ke1 Rxd2 23. Kxd2 Bxb2 24. Rh1 g6 25. f5 Be5 26. fxg6 fxg6 27.
Nf1 Kf7 28. Ne3 Kg7 29. Rg1 Rb8 30. Nxg4 Bxg4 31. Rxg4 b5 32. cxb5 axb5 33. Rg2
Ra8 34. Ke3 Ra3 0-1

[Event "4NCL/Div3/BRI2 vs. CELT2"]
[Site "Hinckley Island ENG"]
[Date "2010.01.16"]
[Round "3.3"]
[White "Ponter, Ian P"]
[Black "Fathallah, Joe"]
[Result "1-0"]
[WhiteElo "2046"]
[BlackElo "1951"]
[PlyCount "37"]
[EventDate "2010.01.16"]
[SourceDate "2009.10.24"]

1. e4 e6 2. d4 d5 3. Nd2 Nf6 4. e5 Nfd7 5. Bd3 c5 6. c3 Nc6 7. Ngf3 Be7 8. O-O
O-O 9. Re1 f6 10. exf6 Bxf6 11. Nf1 e5 12. dxe5 Ndxe5 13. Nxe5 Nxe5 14. Rxe5
Bxe5 15. Qh5 Bxh2+ 16. Nxh2 h6 17. Bxh6 Qf6 18. Bh7+ Kh8 19. Be3 1-0

[Event "4NCL/Div3/BRI2 vs. CELT2"]
[Site "Hinckley Island ENG"]
[Date "2010.01.16"]
[Round "3.4"]
[White "Kitchen, Peter J"]
[Black "Bromilow, Edward T"]
[Result "1/2-1/2"]
[WhiteElo "1930"]
[BlackElo "1922"]
[PlyCount "114"]
[EventDate "2010.01.16"]
[SourceDate "2009.10.24"]

1. e4 c6 2. d4 d5 3. exd5 cxd5 4. c4 e6 5. Nc3 Nf6 6. Nf3 Bb4 7. cxd5 Nxd5 8.
Qb3 Qb6 9. Bd2 O-O 10. Bc4 Nxc3 11. bxc3 Ba5 12. O-O Nd7 13. Rfe1 Qc7 14. Ng5
Nf6 15. Bd3 h6 16. Ne4 Nd5 17. Qd1 Kh8 18. Rc1 Qd8 19. Qh5 f5 20. Bxh6 gxh6 21.
Qxh6+ Kg8 22. Ng5 Qe7 23. Nxe6 Bxe6 24. Rxe6 Rf6 25. Qg5+ Qg7 26. Qxg7+ Kxg7
27. Re5 Nf4 28. Bxf5 Rxf5 29. Rxf5 Ne2+ 30. Kf1 Nxc1 31. Rxa5 b6 32. Re5 Nxa2
33. c4 Kf6 34. Ke2 Rd8 35. Ke3 Nb4 36. Re4 a5 37. Rh4 Kg5 38. Re4 a4 39. Kd2 a3
40. Kc3 a2 41. Re1 Nc6 42. Ra1 Rxd4 43. Rxa2 Rh4 44. g3 Re4 45. Rb2 Na5 46. f4+
Kg4 47. Rxb6 Rxc4+ 48. Kd3 Rc1 49. Rg6+ Kf3 50. f5 Nc6 51. Kd2 Rc5 52. f6 Rd5+
53. Kc3 Ne5 54. Rg5 Ke4 55. g4 Rd3+ 56. Kc2 Rf3 57. Rf5 Rxf5 1/2-1/2

[Event "4NCL/Div3/BRI2 vs. CELT2"]
[Site "Hinckley Island ENG"]
[Date "2010.01.16"]
[Round "3.5"]
[White "Schofield, Oliver"]
[Black "Ryan, John"]
[Result "1-0"]
[WhiteElo "1962"]
[BlackElo "1920"]
[PlyCount "97"]
[EventDate "2010.01.16"]
[SourceDate "2009.10.24"]

1. d4 d5 2. Nf3 Nf6 3. e3 e6 4. Bd3 Be7 5. O-O O-O 6. b3 b6 7. Bb2 Bb7 8. Nbd2
Nbd7 9. Ne5 h6 10. f4 Nxe5 11. fxe5 Ne4 12. Bxe4 dxe4 13. Qg4 Bg5 14. Rae1 f5
15. exf6 Rxf6 16. Nxe4 Rxf1+ 17. Kxf1 Bxe4 18. Qxe4 Qf6+ 19. Qf3 Qxf3+ 20. gxf3
Rf8 21. Ke2 Be7 22. Rg1 Bf6 23. Kd3 c6 24. c4 a5 25. Bc3 Rd8 26. Ke4 Kf7 27.
Be1 g6 28. Bg3 Rc8 29. h4 h5 30. Rc1 Ke7 31. c5 b5 32. a4 b4 33. Rh1 Kf7 34.
Be5 Bxe5 35. Kxe5 Rd8 36. e4 Ke7 37. Rg1 Kf7 38. Rd1 Rd7 39. Rg1 Kg7 40. f4 Kf7
41. Rd1 Ke7 42. d5 exd5 43. exd5 cxd5 44. Rxd5 Rc7 45. Kd4 Rc6 46. f5 gxf5 47.
Rxf5 Rh6 48. Kd5 Kd7 49. Rf7+ 1-0

[Event "4NCL/Div3/BRI2 vs. CELT2"]
[Site "Hinckley Island ENG"]
[Date "2010.01.16"]
[Round "3.6"]
[White "Buttell, David"]
[Black "Stewart, Joseph"]
[Result "1/2-1/2"]
[WhiteElo "1761"]
[BlackElo "1994"]
[PlyCount "65"]
[EventDate "2010.01.16"]
[SourceDate "2009.10.24"]

1. d4 g6 2. c4 Bg7 3. e4 d6 4. Nc3 Nc6 5. Be3 e5 6. d5 Nce7 7. f3 f5 8. Bd3 Nf6
9. Nge2 O-O 10. Rc1 fxe4 11. Nxe4 Nf5 12. Nxf6+ Qxf6 13. Bxf5 gxf5 14. Qd2 b6
15. O-O Qg6 16. f4 Bd7 17. Rf3 Rf6 18. c5 Qf7 19. cxb6 cxb6 20. Rc7 Qe8 21. Rf1
Bb5 22. Re1 Bxe2 23. Rxe2 Rf7 24. Rc6 Qd7 25. Qb4 Rd8 26. Rec2 Bh6 27. Qd2 e4
28. Qc1 Qe7 29. b3 Bg7 30. Qe1 h6 31. Qg3 Kh7 32. Qf2 Qf6 33. h3 1/2-1/2

[Event "4NCL/Div3/OXF3 vs. SSC"]
[Site "Hinckley Island ENG"]
[Date "2010.01.16"]
[Round "3.1"]
[White "Vikanis, Georgs"]
[Black "Oates, David R"]
[Result "0-1"]
[WhiteElo "1978"]
[BlackElo "2159"]
[PlyCount "82"]
[EventDate "2010.01.16"]
[SourceDate "2009.10.24"]

1. Nf3 Nc6 2. d4 d5 3. Bf4 Bg4 4. e3 e6 5. c3 Bd6 6. Bxd6 Qxd6 7. Nbd2 Nf6 8.
Bd3 e5 9. e4 exd4 10. cxd4 dxe4 11. Nxe4 Nxe4 12. Bxe4 O-O-O 13. Bxc6 Qe6+ 14.
Qe2 Qxc6 15. Ne5 Bxe2 16. Nxc6 bxc6 17. Kxe2 Rhe8+ 18. Kf3 Rxd4 19. Rhd1 Rd6
20. Rxd6 cxd6 21. Rc1 Kc7 22. Rc4 Re5 23. Rc2 d5 24. Kf4 Re4+ 25. Kg3 Kd6 26.
f3 Re7 27. Kf2 c5 28. b3 d4 29. Rc4 Kd5 30. g3 d3 31. Rc3 Re2+ 32. Kf1 Kd4 33.
Rc4+ Ke3 34. Rxc5 Rf2+ 35. Kg1 Rxa2 36. Re5+ Kxf3 37. Rf5+ Ke4 38. Rxf7 d2 39.
Re7+ Kd3 40. Rd7+ Kc2 41. Rc7+ Kb2 0-1

[Event "4NCL/Div3/OXF3 vs. SSC"]
[Site "Hinckley Island ENG"]
[Date "2010.01.16"]
[Round "3.2"]
[White "Grant, David J"]
[Black "Terry, Sean"]
[Result "1-0"]
[WhiteElo "2020"]
[BlackElo "1867"]
[PlyCount "43"]
[EventDate "2010.01.16"]
[SourceDate "2009.10.24"]

1. e4 Nf6 2. e5 Nd5 3. d4 d6 4. Nf3 Bg4 5. Bc4 c6 6. O-O e6 7. h3 h5 8. hxg4
hxg4 9. Ng5 dxe5 10. dxe5 g3 11. Qf3 Qc7 12. Qxg3 Nd7 13. Bxd5 cxd5 14. Bf4
Qxc2 15. Nc3 a6 16. Rac1 Qf5 17. Rfe1 Be7 18. Nxd5 Bxg5 19. Nc7+ Kf8 20. Nxa8
Bxf4 21. Rc8+ Ke7 22. Qa3+ 1-0

[Event "4NCL/Div3/OXF3 vs. SSC"]
[Site "Hinckley Island ENG"]
[Date "2010.01.16"]
[Round "3.3"]
[White "Langham, Rod E"]
[Black "Jones, Chris"]
[Result "1/2-1/2"]
[WhiteElo "1786"]
[BlackElo "2070"]
[PlyCount "58"]
[EventDate "2010.01.16"]
[SourceDate "2009.10.24"]

1. d4 d6 2. e3 f5 3. f4 Nf6 4. Nd2 e6 5. Bd3 Be7 6. Nh3 O-O 7. O-O d5 8. Nf3
Qe8 9. Ne5 Nc6 10. c3 Nxe5 11. fxe5 Ne4 12. Bd2 c6 13. Qe2 Bd7 14. Bxe4 dxe4
15. Nf4 g5 16. Nh3 Qg6 17. Rf2 Rf7 18. Raf1 Raf8 19. Kh1 h5 20. Qd1 c5 21. Qb3
cxd4 22. cxd4 Bc6 23. Kg1 Bd5 24. Qa4 a6 25. a3 Qh6 26. Rc1 h4 27. Qd1 Rg7 28.
Rf1 Rgf7 29. Qe2 Rg7 1/2-1/2

[Event "4NCL/Div3/OXF3 vs. SSC"]
[Site "Hinckley Island ENG"]
[Date "2010.01.16"]
[Round "3.4"]
[White "Michaud, Gerald"]
[Black "Wang, Maria"]
[Result "1-0"]
[WhiteElo "2066"]
[BlackElo "1677"]
[PlyCount "125"]
[EventDate "2010.01.16"]
[SourceDate "2009.10.24"]

1. d4 Nf6 2. Nf3 g6 3. c4 Bg7 4. Nc3 d6 5. e4 O-O 6. Be2 e5 7. d5 a5 8. h3 Na6
9. Be3 h6 10. Qd2 Kh7 11. g4 Ne8 12. O-O-O Qe7 13. Rdg1 Bd7 14. h4 c5 15. h5 g5
16. Nh2 Nac7 17. Nf1 Nf6 18. f3 a4 19. Ng3 Rg8 20. Nf5 Bxf5 21. gxf5 Bf8 22. a3
Nd7 23. Kb1 f6 24. Rd1 Nb6 25. Bxc5 dxc5 26. d6 Qd7 27. dxc7 Qxc7 28. Nd5 Qc6
29. Nxb6 Qxb6 30. Qd7+ Rg7 31. Qb5 Qc7 32. Rd5 Ra6 33. Rhd1 Bd6 34. Qe8 Qb8 35.
Qxb8 Bxb8 36. Rxc5 Ba7 37. Rb5 Bd4 38. Ka2 Rc7 39. Rb1 Kg7 40. b4 axb3+ 41.
R1xb3 b6 42. c5 bxc5 43. Rb7 Rac6 44. Rxc7+ Rxc7 45. Bc4 Ra7 46. Rb8 Bc3 47.
Kb3 Ba5 48. a4 Kh7 49. Bd5 Ra6 50. Rb7+ Kh8 51. Kc4 Be1 52. Rb8+ Kg7 53. Rg8+
Kh7 54. Ra8 Rb6 55. a5 Rb2 56. Kxc5 Rf2 57. Kd6 Rxf3 58. Ke6 g4 59. Ra7+ Kh8
60. Kxf6 Bf2 61. Ra8+ Kh7 62. Bg8+ Kh8 63. Bf7+ 1-0

[Event "4NCL/Div3/OXF3 vs. SSC"]
[Site "Hinckley Island ENG"]
[Date "2010.01.16"]
[Round "3.5"]
[White "Wang, Xingliang Anna"]
[Black "Payne, Matthew J"]
[Result "0-1"]
[WhiteElo "1698"]
[BlackElo "1871"]
[PlyCount "116"]
[EventDate "2010.01.16"]
[SourceDate "2009.10.24"]

1. e4 e6 2. d4 d5 3. Nd2 Nc6 4. Ngf3 Nf6 5. e5 Nd7 6. c3 f6 7. exf6 Qxf6 8. Bd3
Bd6 9. O-O O-O 10. Nb3 h6 11. Bb1 Rd8 12. Qc2 Nf8 13. Be3 e5 14. dxe5 Nxe5 15.
Nbd2 Bg4 16. Nxe5 Qxe5 17. g3 Bh5 18. Qf5 Ng6 19. Nb3 Rf8 20. Qxe5 Nxe5 21. f4
Nc4 22. Bc1 a5 23. a3 c5 24. Bc2 a4 25. Nd2 Ne3 26. Bd3 Nxf1 27. Bxf1 c4 28.
Bg2 Bc5+ 29. Kh1 Rad8 30. Nf1 Rfe8 31. Bd2 Re2 32. Re1 Rxe1 33. Bxe1 Bg6 34.
Nd2 Be4 35. h3 b5 36. Kh2 Bxg2 37. Kxg2 d4 38. Ne4 dxc3 39. Nxc3 b4 40. Nxa4
bxa3 41. bxa3 Bxa3 42. Kf3 Rd3+ 43. Ke2 Rb3 44. Bf2 Rb4 45. Nb6 Rb2+ 46. Ke1
Rxf2 47. Kxf2 Bc5+ 48. Ke2 Bxb6 49. Kd2 Bd4 50. Kc2 Kf7 51. g4 Kf6 52. h4 h5
53. gxh5 Kf5 54. Kd2 Kxf4 55. Kc2 Kg4 56. h6 gxh6 57. h5 Kxh5 58. Kd2 Kg4 0-1

[Event "4NCL/Div3/OXF3 vs. SSC"]
[Site "Hinckley Island ENG"]
[Date "2010.01.16"]
[Round "3.6"]
[White "Burch, Jonathan G"]
[Black "Henbest, Kevin B"]
[Result "0-1"]
[WhiteElo "1770"]
[BlackElo "1746"]
[PlyCount "70"]
[EventDate "2010.01.16"]
[SourceDate "2009.10.24"]

1. d4 Nf6 2. Nf3 g6 3. Nc3 d5 4. Bf4 Nc6 5. e3 a6 6. a3 Bg7 7. Bd3 Bg4 8. h3
Bxf3 9. Qxf3 e6 10. O-O O-O 11. Rfe1 Rc8 12. Qe2 Ne7 13. b4 b5 14. Na2 c6 15.
Nc1 Nd7 16. c3 e5 17. Bh2 e4 18. Bc2 f5 19. Qd2 g5 20. Ne2 Ng6 21. Bb3 Nf6 22.
Qc2 Nh5 23. Ng3 Nxg3 24. Bxg3 f4 25. Bh2 Kh8 26. Qd2 f3 27. g4 Qd7 28. Bg3 h5
29. Red1 hxg4 30. hxg4 Qxg4 31. Qe1 Nh4 32. Kh2 Ng2 33. Qh1 Rf6 34. Qxg2 fxg2
35. Kxg2 Qf3+ 0-1

[Event "4NCL/Div3/AMCAH vs. BRI3"]
[Site "Hinckley Island ENG"]
[Date "2010.01.16"]
[Round "3.1"]
[White "Holland, James P"]
[Black "White, Martin"]
[Result "1-0"]
[WhiteElo "1943"]
[BlackElo "1914"]
[PlyCount "63"]
[EventDate "2010.01.16"]
[SourceDate "2009.10.24"]

1. d4 Nf6 2. c4 e6 3. Nc3 Bb4 4. Nf3 b6 5. Bg5 Bb7 6. e3 h6 7. Bh4 O-O 8. Bd3
d5 9. cxd5 exd5 10. O-O Nbd7 11. Rc1 Be7 12. Bb1 Ne4 13. Bxe7 Qxe7 14. Nxe4
dxe4 15. Rxc7 exf3 16. Rxb7 fxg2 17. Re1 Qd6 18. Be4 f5 19. Bxg2 Nf6 20. Qb3+
Kh8 21. h3 Ne4 22. Qb5 Qg6 23. Qe5 Rac8 24. Rc7 Rce8 25. Qf4 a6 26. Rec1 Qh5
27. Kh2 g5 28. Qf3 Qxf3 29. Bxf3 Nxf2 30. R1c6 Rxe3 31. Rxh6+ Kg8 32. Bd5+ 1-0

[Event "4NCL/Div3/AMCAH vs. BRI3"]
[Site "Hinckley Island ENG"]
[Date "2010.01.16"]
[Round "3.2"]
[White "Dunlop, Neil J"]
[Black "Andreev, Peter"]
[Result "1-0"]
[WhiteElo "1802"]
[BlackElo "1895"]
[PlyCount "77"]
[EventDate "2010.01.16"]
[SourceDate "2009.10.24"]

1. e4 c5 2. Nc3 Nc6 3. g3 g6 4. Bg2 Bg7 5. d3 d6 6. Be3 e6 7. Qd2 Nd4 8. Nd1
Ne7 9. c3 Ndc6 10. Bh6 O-O 11. Bxg7 Kxg7 12. f4 d5 13. Nf3 b5 14. O-O Qb6 15.
Kh1 Ba6 16. Re1 Rad8 17. Qc2 b4 18. Nf2 Rd7 19. exd5 Nxd5 20. Ne5 Nxe5 21. fxe5
Rfd8 22. c4 Ne7 23. Rad1 Bb7 24. Qe2 Bxg2+ 25. Kxg2 Nf5 26. Ne4 h5 27. h3 Rd4
28. g4 hxg4 29. hxg4 Nh6 30. Qf3 Qc6 31. Qf6+ Kg8 32. Qf3 Kf8 33. Rh1 Ng8 34.
Rh8 Ke7 35. Kg3 Rf8 36. Rh7 Qc7 37. Nd6 Kd8 38. Rxf7 Rxf7 39. Qa8+ 1-0

[Event "4NCL/Div3/AMCAH vs. BRI3"]
[Site "Hinckley Island ENG"]
[Date "2010.01.16"]
[Round "3.3"]
[White "Owens, Trefor H"]
[Black "Stepan, Paul"]
[Result "1-0"]
[WhiteElo "1946"]
[BlackElo "1842"]
[PlyCount "43"]
[EventDate "2010.01.16"]
[SourceDate "2009.10.24"]

1. e4 c5 2. Nf3 d6 3. d4 cxd4 4. Nxd4 Nc6 5. Nc3 a6 6. Bc4 e6 7. O-O Nf6 8. Bb3
Qc7 9. Be3 Be7 10. f4 Nxd4 11. Bxd4 e5 12. fxe5 dxe5 13. Be3 O-O 14. Qe1 b5 15.
Rxf6 Bxf6 16. Nd5 Qd6 17. Qf2 Rd8 18. Bc5 Qc6 19. Be7 Rd7 20. Nxf6+ gxf6 21.
Qg3+ Kh8 22. Bf8 1-0

[Event "4NCL/Div3/AMCAH vs. BRI3"]
[Site "Hinckley Island ENG"]
[Date "2010.01.16"]
[Round "3.4"]
[White "Woolgar, Steven G"]
[Black "Marley, Andrew"]
[Result "1-0"]
[WhiteElo "1698"]
[BlackElo "1930"]
[PlyCount "55"]
[EventDate "2010.01.16"]
[SourceDate "2009.10.24"]

1. c4 Nf6 2. g3 g6 3. Nc3 Bg7 4. Bg2 O-O 5. Nf3 d6 6. d4 Nc6 7. O-O e5 8. dxe5
dxe5 9. Bg5 Be6 10. b3 Qc8 11. Rc1 Nd7 12. e4 f5 13. exf5 gxf5 14. Nd5 Kh8 15.
Qd2 e4 16. Nh4 Nce5 17. Bh6 Rf7 18. Bxg7+ Rxg7 19. Bh3 Qd8 20. Qh6 Bxd5 21.
cxd5 Ng4 22. Bxg4 Rxg4 23. Nxf5 Ne5 24. Qe6 Nf3+ 25. Kh1 Qg5 26. Rxc7 Rg8 27.
Nh6 Qh4 28. Nxg4 1-0

[Event "4NCL/Div3/AMCAH vs. BRI3"]
[Site "Hinckley Island ENG"]
[Date "2010.01.16"]
[Round "3.5"]
[White "Malhotra, Tarun"]
[Black "Woodruff, David G"]
[Result "1-0"]
[WhiteElo "1730"]
[BlackElo "1666"]
[PlyCount "47"]
[EventDate "2010.01.16"]
[SourceDate "2009.10.24"]

1. e4 d6 2. d4 Nf6 3. f3 g6 4. c4 Bg7 5. Nc3 O-O 6. Be3 e5 7. d5 c6 8. Bd3 c5
9. Nge2 Na6 10. a3 Bd7 11. Qd2 Qb6 12. b4 Qc7 13. b5 Nb8 14. a4 Qa5 15. Qc2 Rc8
16. Bd2 Qd8 17. a5 Be8 18. Be3 Nbd7 19. Qd2 Nf8 20. Kd1 Kh8 21. Kc2 Ng8 22. g4
Qh4 23. Bg5 Qh3 24. Ng1 1-0

[Event "4NCL/Div3/HAL vs. BAB"]
[Site "Hinckley Island ENG"]
[Date "2010.01.16"]
[Round "3.1"]
[White "Brockbank, Henry"]
[Black "Carpenter, David J"]
[Result "1/2-1/2"]
[WhiteElo "2109"]
[BlackElo "1983"]
[PlyCount "57"]
[EventDate "2010.01.16"]
[SourceDate "2009.10.24"]

1. c4 g6 2. Nc3 Bg7 3. d4 d6 4. e4 Nc6 5. d5 Nd4 6. Be3 c5 7. dxc6 Nxc6 8. Nf3
Nf6 9. h3 O-O 10. Be2 Qa5 11. Qd2 Nd7 12. O-O Nc5 13. Qc2 f5 14. Bxc5 Qxc5 15.
exf5 Bxf5 16. Qd2 Nd4 17. Ne1 Nxe2+ 18. Qxe2 Bxc3 19. bxc3 e5 20. Nf3 Be6 21.
Nd2 Rf4 22. Rfd1 Bxc4 23. Nxc4 Rxc4 24. Rxd6 Rxc3 25. Re6 Rc2 26. Rxe5 Rxe2 27.
Rxc5 Rf8 28. f3 Rf7 29. a4 1/2-1/2

[Event "4NCL/Div3/HAL vs. BAB"]
[Site "Hinckley Island ENG"]
[Date "2010.01.16"]
[Round "3.2"]
[White "Davies, Matthew"]
[Black "Hope, Gary"]
[Result "1/2-1/2"]
[WhiteElo "1956"]
[BlackElo "1938"]
[PlyCount "68"]
[EventDate "2010.01.16"]
[SourceDate "2009.10.24"]

1. d4 Nf6 2. c4 e6 3. Nc3 Bb4 4. Qb3 c5 5. a3 Qa5 6. Bd2 cxd4 7. Qxb4 Qxb4 8.
axb4 dxc3 9. Bxc3 O-O 10. b5 b6 11. Nf3 Bb7 12. e3 Ne4 13. Bb4 d6 14. Be2 Nd7
15. O-O Ndc5 16. Rfd1 d5 17. Nd2 Nxd2 18. Bxc5 bxc5 19. Rxd2 dxc4 20. Bxc4 Rfb8
21. b3 Kf8 22. h3 Ke7 23. Rda2 Kd6 24. Rxa7 Rxa7 25. Rxa7 Kc7 26. Kf1 Kb6 27.
Ra2 Rd8 28. f3 Rd6 29. Ke2 f6 30. h4 e5 31. g3 h6 32. f4 exf4 33. gxf4 Rd8 34.
Ra1 Rd6 1/2-1/2

[Event "4NCL/Div3/HAL vs. BAB"]
[Site "Hinckley Island ENG"]
[Date "2010.01.16"]
[Round "3.3"]
[White "Lee, Darren"]
[Black "Corcoran, Gary"]
[Result "0-1"]
[WhiteElo "1890"]
[BlackElo "1866"]
[PlyCount "56"]
[EventDate "2010.01.16"]
[SourceDate "2009.10.24"]

1. d4 d5 2. c4 e6 3. Nf3 c6 4. g3 Nf6 5. Bg2 Nbd7 6. O-O Bd6 7. Qc2 O-O 8. Rd1
Qe7 9. Nc3 Re8 10. cxd5 exd5 11. e3 Nf8 12. b3 Bg4 13. Re1 Rad8 14. Bb2 Ng6 15.
h3 Bc8 16. a3 h5 17. h4 Ne4 18. Nxe4 dxe4 19. Nd2 Bf5 20. Nc4 Bc7 21. a4 Rd5
22. Ba3 Qf6 23. Nd2 Nxh4 24. gxh4 Qxh4 25. Nf1 Re6 26. Ng3 Rg6 27. Kf1 Bxg3 28.
fxg3 Rxg3 0-1

[Event "4NCL/Div3/HAL vs. BAB"]
[Site "Hinckley Island ENG"]
[Date "2010.01.16"]
[Round "3.4"]
[White "Foster, William E"]
[Black "Doran, Michael J"]
[Result "1-0"]
[WhiteElo "1800"]
[BlackElo "1884"]
[PlyCount "36"]
[EventDate "2010.01.16"]
[SourceDate "2009.10.24"]

1. c4 b6 2. Nc3 Bb7 3. e4 e6 4. g3 c5 5. Bg2 Nc6 6. d3 g6 7. Nge2 Bg7 8. O-O
Nge7 9. f4 d6 10. h3 O-O 11. g4 Nd4 12. Nxd4 Bxd4+ 13. Kh2 Nc6 14. f5 Bg7 15.
g5 exf5 16. exf5 Be5+ 17. Kh1 gxf5 18. Rxf5 Qd7 1-0

[Event "4NCL/Div3/HAL vs. BAB"]
[Site "Hinckley Island ENG"]
[Date "2010.01.16"]
[Round "3.5"]
[White "Asbury, Jon A"]
[Black "Sivakumar, Athman"]
[Result "1/2-1/2"]
[WhiteElo "1786"]
[BlackElo "1818"]
[PlyCount "98"]
[EventDate "2010.01.16"]
[SourceDate "2009.10.24"]

1. d4 e6 2. c4 d5 3. Nc3 Nf6 4. Bg5 Nbd7 5. Nf3 c6 6. e3 Qa5 7. Bxf6 Nxf6 8.
Nd2 Bb4 9. Qc2 Bd7 10. Bd3 Rc8 11. O-O Qc7 12. Nf3 O-O 13. Rac1 h6 14. a3 Be7
15. b4 dxc4 16. Bxc4 a5 17. Rb1 axb4 18. axb4 Nd5 19. Na2 Bd6 20. e4 Nb6 21.
Bd3 e5 22. dxe5 Bxe5 23. Nxe5 Qxe5 24. Qc5 Qxc5 25. bxc5 Na4 26. Rfc1 Be6 27.
Bc4 Nxc5 28. Bxe6 Nxe6 29. Rxb7 Rfd8 30. g3 Rd4 31. Rb4 Rxb4 32. Nxb4 c5 33.
Nd5 Kf8 34. f4 Nd4 35. Kf2 Nb3 36. Rc3 Na5 37. Nb6 Rc7 38. Rxc5 Rxc5 39. Nd7+
Ke7 40. Nxc5 Nc4 41. e5 f6 42. exf6+ Kxf6 43. Kf3 g5 44. fxg5+ Kxg5 45. h4+ Kg6
46. Kf4 Nd6 47. Nd7 h5 48. Ke5 Nc4+ 49. Kf4 Nd6 1/2-1/2

[Event "4NCL/Div3/HAL vs. BAB"]
[Site "Hinckley Island ENG"]
[Date "2010.01.16"]
[Round "3.6"]
[White "Parry, Matthew"]
[Black "Pitt, Chris W"]
[Result "1-0"]
[WhiteElo "1794"]
[BlackElo "1698"]
[PlyCount "62"]
[EventDate "2010.01.16"]
[SourceDate "2009.10.24"]

1. d4 Nf6 2. c4 g6 3. Nc3 Bg7 4. e4 d6 5. f4 O-O 6. Nf3 c5 7. d5 e6 8. e5 dxe5
9. fxe5 Ng4 10. Bg5 Qd7 11. Be2 Nxe5 12. O-O exd5 13. cxd5 a6 14. Rb1 b5 15. d6
Bb7 16. Nd5 h6 17. Be7 Nbc6 18. Nb6 Qe6 19. Bxf8 Rxf8 20. Qd5 Qxd5 21. Nxd5 Rd8
22. Rbd1 Bf8 23. Ne7+ Kg7 24. Nxc6 Nxc6 25. d7 Nb8 26. Ne5 h5 27. Rxf7+ Kg8 28.
Rdf1 Bd6 29. Nxg6 Nc6 30. R1f6 Be5 31. Nxe5 Nxe5 1-0

[Event "4NCL/Div3/E2E43 vs. CAMB2"]
[Site "Hinckley Island ENG"]
[Date "2010.01.16"]
[Round "3.1"]
[White "Farrall, David J"]
[Black "Chan, Nevil"]
[Result "0-1"]
[WhiteElo "1852"]
[BlackElo "2098"]
[PlyCount "72"]
[EventDate "2010.01.16"]
[SourceDate "2009.10.24"]

1. d4 Nc6 2. Nf3 d5 3. c4 Bg4 4. e3 e6 5. a3 Nf6 6. Nc3 Be7 7. Be2 O-O 8. h3
Bh5 9. Ne5 Bxe2 10. Qxe2 Nxe5 11. dxe5 Nd7 12. cxd5 exd5 13. Nxd5 Nxe5 14. e4
c6 15. Nxe7+ Qxe7 16. O-O Rad8 17. Be3 c5 18. Qb5 b6 19. Rfd1 Rd6 20. Rxd6 Qxd6
21. b4 Qd3 22. Qxd3 Nxd3 23. bxc5 Nxc5 24. f3 Rc8 25. Rc1 Kf8 26. Kf1 Ke7 27.
Ke2 Kd6 28. g4 Kc6 29. Bd4 g6 30. Ke3 Rd8 31. Rc2 Kb5 32. f4 Rd7 33. f5 Nb3 34.
Bf6 Nc5 35. Kf4 Rd3 36. Rc3 g5+ 0-1

[Event "4NCL/Div3/E2E43 vs. CAMB2"]
[Site "Hinckley Island ENG"]
[Date "2010.01.16"]
[Round "3.2"]
[White "Lee, Richard WY"]
[Black "Mapletoft, Alexander J"]
[Result "1-0"]
[WhiteElo "2058"]
[BlackElo "1862"]
[PlyCount "105"]
[EventDate "2010.01.16"]
[SourceDate "2009.10.24"]

1. d4 d5 2. c4 e6 3. Nc3 Nf6 4. cxd5 exd5 5. Bg5 Be7 6. e3 Nbd7 7. Bd3 O-O 8.
Qc2 h6 9. Bh4 Re8 10. Nge2 c6 11. O-O Ne4 12. Bxe7 Qxe7 13. Rae1 b6 14. f3 Nxc3
15. Nxc3 Bb7 16. Re2 Rac8 17. Qa4 a5 18. Rfe1 Nf6 19. Qb3 Qc7 20. Na4 b5 21.
Nc5 Nd7 22. Rc1 Nxc5 23. Rxc5 Qd6 24. Bf5 Rc7 25. a3 Rce7 26. Qc3 a4 27. Bc2
Qf6 28. Qd3 g6 29. b3 axb3 30. Bxb3 Ra8 31. Bd1 b4 32. axb4 Ba6 33. Qa3 Rea7
34. Rd2 Be2 35. Ra5 Rxa5 36. bxa5 Bxd1 37. Rxd1 Qd8 38. a6 Qb6 39. Ra1 Kg7 40.
a7 h5 41. Ra2 Kf6 42. Qa6 Qxa6 43. Rxa6 Ke7 44. Kf2 Kd6 45. Kg3 Kc7 46. Kf4 Kb7
47. Ra3 f6 48. g4 h4 49. g5 f5 50. Ke5 Re8+ 51. Kf6 Ka8 52. Kxg6 Rf8 53. Kh7
1-0

[Event "4NCL/Div3/E2E43 vs. CAMB2"]
[Site "Hinckley Island ENG"]
[Date "2010.01.16"]
[Round "3.3"]
[White "Van Der Westhuizen, Charles V"]
[Black "Campbell, Mark C"]
[Result "1/2-1/2"]
[WhiteElo "1824"]
[BlackElo "1986"]
[PlyCount "109"]
[EventDate "2010.01.16"]
[SourceDate "2009.10.24"]

1. d4 Nf6 2. c4 e6 3. Nf3 b6 4. g3 Ba6 5. Qc2 c5 6. d5 exd5 7. cxd5 g6 8. Nc3
Bg7 9. Bg2 O-O 10. O-O d6 11. Re1 Re8 12. h3 b5 13. e4 b4 14. Nb1 Nbd7 15. Nbd2
Rc8 16. Nc4 Bxc4 17. Qxc4 Nb6 18. Qc2 c4 19. Bg5 h6 20. Bxf6 Bxf6 21. Rad1 c3
22. b3 Na8 23. Nd4 Qb6 24. Nc6 Nc7 25. e5 Bxe5 26. Nxe5 Rxe5 27. Rxe5 dxe5 28.
d6 Ne6 29. Bd5 Re8 30. Bc4 Kg7 31. Qe4 Nd4 32. Qd5 Re6 33. d7 Qd8 34. Qc5 Re7
35. Qxb4 Qxd7 36. Qxc3 Qxh3 37. Bf1 Qh5 38. Rd3 Ne2+ 39. Bxe2 Qxe2 40. Re3 Qd1+
41. Re1 Qd6 42. a4 f6 43. Rc1 Rb7 44. Qc4 a5 45. Qc8 Qb6 46. Rc6 Qxb3 47. Rc7+
Rxc7 48. Qxc7+ Kg8 49. Qxa5 Qd1+ 50. Kg2 Qd3 51. Qa8+ Kf7 52. a5 e4 53. a6 Qf3+
54. Kg1 Qd1+ 55. Kg2 1/2-1/2